[Event "Championnat de la Loire Open"]
[Site "St-Etienne"]
[Date "2003.05.17"]
[Round "7.14"]
[White "Cayuela-Mosch, Renate"]
[Black "Borron, Herve"]
[Result "0-1"]
[WhiteElo "1499"]
[BlackElo "1180"]
[PlyCount "98"]

1. Nf3 d5 2. d4 Nf6 3. e3 Nc6 4. g3 Bf5 5. Bg2 e6 6. O-O Nb4 7. Na3 Nc6 8. Ng5
Bxa3 9. Qh5 Nxh5 10. bxa3 Qxg5 11. e4 Qf6 12. exf5 Qxf5 13. Be3 Qxc2 14. Rfc1
Qd3 15. Bf1 Qxa3 16. Bb5 Qb2 17. Ba4 O-O 18. Rd1 b5 19. Bb3 Na5 20. Rdb1 Qe2
21. Bd1 Qe1+ 22. Kg2 Nf6 23. Ba4 Qe2 24. Bxb5 Rab8 25. Bxe2 Rxb1 26. Rxb1 Ne4
27. Rc1 h6 28. Rxc7 Ra8 29. f3 Nc4 30. Bf4 Nc3 31. Bxc4 dxc4 32. a3 a6 33. Rxc4
Nd5 34. Bd6 Nb6 35. Rc6 Nd5 36. Kf2 a5 37. h3 a4 38. h4 f6 39. h5 Kh7 40. f4 g6
41. hxg6+ Kxg6 42. Rc1 Ra6 43. Re1 Kf5 44. Kf3 Rxd6 45. g4+ Kg6 46. Rc1 f5 47.
Rc4 Nb6 48. Rc5 fxg4+ 49. Kxg4 Rd5 0-1

[Event "Championnat de la Loire Open"]
[Site "St-Etienne"]
[Date "2003.05.17"]
[Round "7.15"]
[White "Benchegra, Mohamed"]
[Black "Goudet, Maxence"]
[Result "1-0"]
[WhiteElo "1499"]
[BlackElo "1299"]
[PlyCount "55"]

1. e4 e5 2. Nf3 Nc6 3. Bc4 Bc5 4. d3 d6 5. O-O Nge7 6. Nc3 Be6 7. Bb3 Bxb3 8.
cxb3 O-O 9. Qe2 d5 10. Be3 d4 11. Ng5 dxe3 12. fxe3 f5 13. Rf3 fxe4 14. Rxf8+
Qxf8 15. dxe4 Rd8 16. Qc4+ Kh8 17. Nf7+ Kg8 18. Nxd8+ Kh8 19. Qxc5 Qxd8 20. Rf1
h6 21. Nd5 b6 22. Qa3 Nxd5 23. Rf8+ Qxf8 24. Qxf8+ Kh7 25. exd5 Na5 26. Qf5+ g6
27. Qf7+ Kh8 28. Qxc7 1-0